[Event "5th HD Bank Cup 2015"]
[Site "Ho Chi Minh City VIE"]
[Date "2015.03.20"]
[Round "6.4"]
[White "Laylo, Darwin"]
[Black "Bersamina, Paulo"]
[Result "1/2-1/2"]
[WhiteTitle "GM"]
[BlackTitle "IM"]
[WhiteElo "2499"]
[BlackElo "2359"]
[WhiteFideId "5201330"]
[BlackFideId "5206995"]
[EventDate "2015.03.17"]

1. d4 Nf6 2. c4 e6 3. Nc3 Bb4 4. Qc2 O-O 5. a3 Bxc3+ 6. Qxc3 d5 7. Bg5 h6 8. Bh4
c5 9. e3 cxd4 10. exd4 dxc4 11. Bxc4 Nc6 12. Nf3 Nd5 13. Bxd8 Nxc3 14. Bc7 Nd5
15. Bxd5 exd5 16. O-O Bf5 17. Rfe1 Rfe8 18. b4 Rxe1+ 19. Rxe1 Rc8 20. Bf4 a6 21.
Be3 a5 22. bxa5 Nxa5 23. Rc1 Rxc1+ 24. Bxc1 f6 25. Nd2 Kf7 26. Bb2 Nc4 27. Nxc4
dxc4 28. f3 Ke6 29. Kf2 Kd5 30. Ke3 Bd3 31. Kd2 1/2-1/2

[Event "5th HD Bank Cup 2015"]
[Site "Ho Chi Minh City VIE"]
[Date "2015.03.20"]
[Round "6.5"]
[White "Turqueza, Mari Joseph"]
[Black "Dao, Thien Hai"]
[Result "0-1"]
[WhiteTitle "FM"]
[BlackTitle "GM"]
[WhiteElo "2243"]
[BlackElo "2482"]
[WhiteFideId "5204674"]
[BlackFideId "12400084"]
[EventDate "2015.03.17"]

1. d4 d5 2. c4 e6 3. Nf3 c6 4. g3 dxc4 5. Bg2 b5 6. Ne5 Bb7 7. a4 a6 8. Nc3 Qc8
9. O-O Nf6 10. axb5 cxb5 11. d5 Bb4 12. e4 O-O 13. Bg5 Nbd7 14. Nxf7 exd5 15. e5
Rxf7 16. exf6 Bxc3 17. bxc3 Nxf6 18. Bxf6 Rxf6 19. Bxd5+ Kh8 20. Ra2 Qc7 21.
Bxb7 Qxb7 22. Re1 Raf8 23. Qd4 Qb6 24. Qxb6 Rxb6 25. f4 Rd6 26. Re3 Rfd8 27. Kf1
Kg8 28. Ke2 Kf7 29. g4 Re8 30. Rxe8 Kxe8 31. Ke3 Rd3+ 32. Ke4 Rxc3 33. Rxa6 b4
34. Rb6 b3 35. Kd5 Rc2 36. Rb8+ Kd7 37. Rb7+ Kc8 38. Rxg7 b2 39. Kc6 Kd8 40. Rb7
c3 41. f5 Rc1 0-1

[Event "5th HD Bank Cup 2015"]
[Site "Ho Chi Minh City VIE"]
[Date "2015.03.20"]
[Round "6.6"]
[White "Karthikeyan, P."]
[Black "Dimakiling, Oliver"]
[Result "0-1"]
[WhiteTitle "IM"]
[BlackTitle "IM"]
[WhiteElo "2452"]
[BlackElo "2400"]
[WhiteFideId "5018226"]
[BlackFideId "5202248"]
[EventDate "2015.03.17"]

1. d4 d6 2. Nf3 c6 3. c4 f5 4. Nc3 Nf6 5. g3 g6 6. Bg2 Bg7 7. O-O O-O 8. Re1 Na6
9. a3 Ne4 10. Qd3 e5 11. Nxe4 fxe4 12. Qxe4 exd4 13. Bg5 Nc5 14. Qh4 Qc7 15. Bh6
Bf6 16. Bg5 Bh8 17. Rad1 Ne6 18. Bc1 Bf6 19. Qh6 Ng7 20. Qd2 Nf5 21. e4 dxe3 22.
fxe3 Be6 23. e4 Qb6+ 24. Kh1 Ng7 25. Qc2 Qc5 26. b3 a5 27. a4 Bg4 28. Rd3 Ne6
29. Be3 Qh5 30. Bg1 Rae8 31. Rf1 Nc5 32. Bxc5 Qxc5 33. h3 Bc8 34. Qd2 Rxe4 35.
Rxd6 Re3 36. Nh2 Bc3 37. Rxf8+ Kxf8 38. Qf2+ Kg7 39. Nf1 Qxd6 40. Qxe3 Be5 41.
g4 Bf4 42. Qc3+ Qe5 43. Qxe5+ Bxe5 44. Be4 Kf6 45. Kg2 Ke6 46. Kf3 Kd6 47. Ne3
Kc5 48. Nc2 Be6 49. Ne1 Kd4 50. Bc2 Kc3 51. Ke2 Bg3 52. Bd1 h5 53. gxh5 gxh5 54.
Nc2 Bxh3 55. Ne3 Bf4 0-1

[Event "5th HD Bank Cup 2015"]
[Site "Ho Chi Minh City VIE"]
[Date "2015.03.20"]
[Round "6.7"]
[White "Karavade, Eesha"]
[Black "Nguyen, Van Huy"]
[Result "1/2-1/2"]
[WhiteTitle "IM"]
[BlackTitle "IM"]
[WhiteElo "2405"]
[BlackElo "2452"]
[WhiteFideId "5012600"]
[BlackFideId "12401064"]
[EventDate "2015.03.17"]

1. Nf3 Nf6 2. c4 e6 3. Nc3 d5 4. d4 Bb4 5. Bg5 Nbd7 6. cxd5 exd5 7. e3 c5 8.
dxc5 Qa5 9. Rc1 Bxc3+ 10. bxc3 O-O 11. Bxf6 Nxf6 12. Qb3 Qxc5 13. Bd3 b6 14. O-O
Bd7 15. h3 Rac8 16. Nd4 Rc7 17. Rc2 Qe7 18. c4 dxc4 19. Bxc4 Rfc8 20. Rfc1 Kf8
21. Ba6 Rxc2 22. Rxc2 Rxc2 23. Qxc2 Qd6 24. Bd3 h6 25. Bf5 Qc5 26. Qd3 Be8 27.
Qa6 Qc1+ 28. Kh2 Qc7+ 29. Kg1 Qc1+ 30. Kh2 Qc7+ 31. Kg1 Qc1+ 1/2-1/2

[Event "5th HD Bank Cup 2015"]
[Site "Ho Chi Minh City VIE"]
[Date "2015.03.20"]
[Round "6.8"]
[White "Torre, Eugenio"]
[Black "Pitra, Andika"]
[Result "1-0"]
[WhiteTitle "GM"]
[BlackTitle "FM"]
[WhiteElo "2449"]
[BlackElo "2310"]
[WhiteFideId "5200016"]
[BlackFideId "7103255"]
[EventDate "2015.03.17"]

1. d4 Nf6 2. Nf3 e6 3. Bf4 b6 4. e3 Bb7 5. Bd3 d6 6. O-O Nbd7 7. c4 Qe7 8. Qa4
Bxf3 9. gxf3 g6 10. Qc6 Qd8 11. Nc3 Nh5 12. Bg3 a6 13. Be4 Rc8 14. Qa4 Bg7 15.
Bc6 Ke7 16. Qxa6 f5 17. Bb7 Rb8 18. Nb5 g5 19. Na7 Kf7 20. Nc6 Qf6 21. Nxb8 Rxb8
22. Bc6 Rd8 23. Qb7 f4 24. Qxc7 Ke7 25. a4 fxg3 26. hxg3 Qh6 27. a5 bxa5 28.
Rxa5 Nf6 29. Ra7 Qh3 30. c5 dxc5 31. dxc5 Ne8 32. Qxd8+ Kxd8 33. Rxd7+ Kc8 34.
Ra1 1-0

[Event "5th HD Bank Cup 2015"]
[Site "Ho Chi Minh City VIE"]
[Date "2015.03.20"]
[Round "6.9"]
[White "Gomez, John Paul"]
[Black "Yap, Kim Steven"]
[Result "1-0"]
[WhiteTitle "GM"]
[BlackTitle "IM"]
[WhiteElo "2524"]
[BlackElo "2389"]
[WhiteFideId "5201381"]
[BlackFideId "5202809"]
[EventDate "2015.03.17"]

1. Nf3 Nf6 2. c4 g6 3. Nc3 d5 4. cxd5 Nxd5 5. Qb3 Nb6 6. d4 Bg7 7. e4 O-O 8. Be3
Bg4 9. O-O-O Nc6 10. d5 Ne5 11. Be2 Qc8 12. h3 Bxf3 13. gxf3 c6 14. f4 Ned7 15.
d6 exd6 16. Rxd6 Nf6 17. h4 Qc7 18. e5 Nfd5 19. h5 Nc8 20. Rxd5 cxd5 21. h6 Bh8
22. Kb1 Ne7 23. Bf3 Rad8 24. Bxa7 Qd7 25. Ne2 Nc6 26. Bb6 Qf5+ 27. Ka1 Rd7 28.
Rg1 Qh3 29. Bg4 Qxb3 30. axb3 Re7 31. Nc3 d4 32. Nd5 Ree8 33. Bd7 Re6 34. Kb1 d3
35. Bc5 Rd8 36. Bxe6 fxe6 37. Ne7+ Kf7 38. Nxc6 bxc6 39. Kc1 d2+ 40. Kd1 Rd3 41.
Rg3 Rxg3 42. fxg3 g5 43. b4 Kg6 44. Bd4 Kf5 45. Be3 Kg6 46. Kxd2 Kxh6 47. fxg5+
Kg6 48. Bf4 Bg7 49. Kd3 Bf8 50. Kc4 Kf5 51. b5 cxb5+ 52. Kxb5 Ke4 53. Kc4 Be7
54. b3 Bd8 55. b4 Bc7 56. Kc5 Kf5 1-0

[Event "5th HD Bank Cup 2015"]
[Site "Ho Chi Minh City VIE"]
[Date "2015.03.20"]
[Round "6.10"]
[White "Pham, Le Thao Nguyen"]
[Black "Barbosa, Oliver"]
[Result "0-1"]
[WhiteTitle "IM"]
[BlackTitle "GM"]
[WhiteElo "2338"]
[BlackElo "2501"]
[WhiteFideId "12401226"]
[BlackFideId "5201640"]
[EventDate "2015.03.17"]

1. d4 Nf6 2. c4 c5 3. d5 e6 4. Nc3 exd5 5. cxd5 d6 6. Nf3 g6 7. Bf4 a6 8. a4 Bg7
9. h3 O-O 10. e3 Nh5 11. Bg5 Qb6 12. Ra2 f5 13. Nd2 Bf6 14. Bxf6 Nxf6 15. a5 Qc7
16. Nc4 Nbd7 17. Na4 Ne5 18. Nxe5 dxe5 19. Nb6 Rb8 20. Bc4 Kh8 21. O-O Bd7 22.
Qe2 Rbd8 23. Rc1 Qd6 24. Ra3 g5 25. Rac3 g4 26. hxg4 Ne4 27. gxf5 Bxf5 28. f3
Nxc3 29. Rxc3 Rg8 30. Qf2 Rg7 31. Bf1 e4 32. f4 Rdg8 33. Rc2 Bd7 34. Qe1 Qf6 35.
Qc3 Qxc3 36. bxc3 h5 37. Kf2 h4 38. Rb2 Be8 39. Rd2 Bb5 40. c4 Bd7 41. Rb2 Be8
42. Rd2 Kh7 43. d6 Bc6 44. d7 Rd8 45. Rd6 Kg8 46. Be2 Kf8 47. Rh6 Bxd7 48. Rxh4
Bc6 49. g4 Rd2 50. g5 Kg8 51. Ke1 Ra2 52. Bh5 Rxa5 53. Kf2 Ra1 54. g6 Bd7 55.
Bg4 Ra2+ 56. Kg3 Be8 57. Be6+ Kf8 58. f5 Bxg6 59. Rh8+ Ke7 60. Nd5+ Kd6 61. f6
Rf7 62. Bxf7 Bxf7 63. Rf8 Ke6 64. Rc8 b5 65. Rc6+ Kf5 66. Rxc5 Rb2 67. cxb5 Rxb5
68. Rxb5 axb5 69. Nb4 Bg6 70. Nc6 Kxf6 71. Kf4 Bh7 72. Kg4 Bf5+ 73. Kf4 Bg6 74.
Kg3 Be8 75. Nb4 Ke5 76. Kf2 Kd6 77. Ke2 Kc5 78. Nc2 b4 79. Nd4 Kc4 80. Kd2 Ba4
81. Nf5 b3 82. Nd6+ Kd5 83. Ke2 0-1

[Event "5th HD Bank Cup 2015"]
[Site "Ho Chi Minh City VIE"]
[Date "2015.03.20"]
[Round "6.11"]
[White "Cao, Sang"]
[Black "Hoang, Canh Huan"]
[Result "1/2-1/2"]
[WhiteTitle "GM"]
[BlackTitle "FM"]
[WhiteElo "2480"]
[BlackElo "2348"]
[WhiteFideId "725056"]
[BlackFideId "12400599"]
[EventDate "2015.03.17"]

1. e4 Nf6 2. e5 Nd5 3. d4 d6 4. Nf3 g6 5. Bc4 Nb6 6. Bb3 Bg7 7. O-O O-O 8. Qe2
Bg4 9. exd6 cxd6 10. h3 Bxf3 11. Qxf3 Bxd4 12. Qxb7 N8d7 13. c3 Nc5 14. Qf3 Bg7
15. Na3 e6 16. Be3 Qc8 17. Rfd1 d5 18. Bd4 a5 19. Qe3 Nbd7 20. Bxg7 Kxg7 21. c4
a4 22. Bc2 Qc6 23. b4 axb3 24. axb3 dxc4 1/2-1/2

[Event "5th HD Bank Cup 2015"]
[Site "Ho Chi Minh City VIE"]
[Date "2015.03.20"]
[Round "6.12"]
[White "Le, Kieu Thien Kim"]
[Black "Diu, Viacheslav"]
[Result "1/2-1/2"]
[WhiteTitle "WIM"]
[BlackTitle "IM"]
[WhiteElo "2138"]
[BlackElo "2457"]
[WhiteFideId "12400572"]
[BlackFideId "4167465"]
[EventDate "2015.03.17"]

1. d4 Nf6 2. Bf4 d5 3. e3 c5 4. c3 Nc6 5. Bd3 Bg4 6. Ne2 e6 7. h3 Bh5 8. Nd2 Bd6
9. Bg5 Rc8 10. O-O O-O 11. f4 Bg6 12. Nf3 Be7 13. Bxf6 Bxf6 14. g4 Bxd3 15. Qxd3
Be7 16. Rf2 Qb6 17. Ng3 Qa6 18. Qb1 b5 19. a3 Qb6 20. g5 a5 21. Rg2 b4 22. Nh5
Kh8 23. g6 bxc3 24. gxh7 g6 25. Qe1 cxd4 26. bxc3 dxe3 27. Kh1 gxh5 28. Ne5 Qc7
29. Qxe3 Bf6 30. Rag1 Ne7 31. Qf3 Ng6 32. Rxg6 fxg6 33. Nxg6+ Kg7 34. Ne5+ Kh8
35. Ng6+ Kg7 36. Ne5+ Kh8 1/2-1/2

[Event "5th HD Bank Cup 2015"]
[Site "Ho Chi Minh City VIE"]
[Date "2015.03.20"]
[Round "6.13"]
[White "Tran, Tuan Minh"]
[Black "Duong, The Anh"]
[Result "1-0"]
[WhiteTitle "IM"]
[BlackTitle "IM"]
[WhiteElo "2455"]
[BlackElo "2340"]
[WhiteFideId "12401820"]
[BlackFideId "12401277"]
[EventDate "2015.03.17"]

1. d4 e6 2. c4 d5 3. cxd5 exd5 4. Nc3 c6 5. Bf4 Bf5 6. e3 Bd6 7. Bg3 Nf6 8. Bd3
Bxd3 9. Qxd3 Qe7 10. Nge2 Nbd7 11. O-O O-O 12. Rab1 Rfe8 13. Rfe1 Ne4 14. Nxe4
dxe4 15. Qc2 Rac8 16. Bxd6 Qxd6 17. b4 Nf6 18. Qc5 Qd7 19. Rec1 a6 20. a4 h6 21.
Rc2 Nd5 22. Rbc1 Rcd8 23. Nc3 Qe6 24. h3 Nxc3 25. Rxc3 Rd5 26. Qb6 Qd7 27. Rc5
Rxc5 28. Rxc5 Re6 29. Qa7 Kh7 30. Qb8 Re8 31. Qf4 Re6 32. b5 axb5 33. axb5 Qe8
34. b6 Re7 35. Re5 Rxe5 36. dxe5 Qe6 37. Qxe4+ g6 38. Qd4 Qf5 39. g4 Qb1+ 40.
Kg2 Kg8 41. Kh2 Qc2 42. Kg2 Qb3 43. Kh2 Qc2 44. Qd8+ Kh7 45. Qf6 Qb3 46. Qe7 Qa2
47. Kg3 Qd5 48. Qd6 Qb5 49. Qe7 Qd5 50. h4 Kg7 51. Qf6+ Kh7 52. Qd6 Qb3 53. Qd7
Qe6 54. Qxe6 fxe6 55. Kf4 Kg7 56. Ke4 Kf7 57. Kd4 Ke7 58. Kc5 Kd7 59. f4 Ke7 60.
e4 Kd7 61. h5 gxh5 62. gxh5 Ke7 63. f5 Kd7 64. f6 Ke8 65. Kd6 Kf7 66. Kc7 1-0

[Event "5th HD Bank Cup 2015"]
[Site "Ho Chi Minh City VIE"]
[Date "2015.03.20"]
[Round "6.14"]
[White "To, Nhat Minh"]
[Black "Padmini, Rout"]
[Result "0-1"]
[WhiteTitle "IM"]
[BlackTitle "WGM"]
[WhiteElo "2323"]
[BlackElo "2454"]
[WhiteFideId "729019"]
[BlackFideId "5029295"]
[EventDate "2015.03.17"]

1. e4 c5 2. Nf3 d6 3. d4 cxd4 4. Nxd4 Nf6 5. Nc3 a6 6. Be3 e5 7. Nb3 Be6 8. f3
h5 9. Qd2 Nbd7 10. Nd5 Bxd5 11. exd5 g6 12. Na5 Qc7 13. c4 Bg7 14. Be2 e4 15. f4
Ng4 16. Bxg4 hxg4 17. O-O f5 18. Rac1 Nc5 19. b4 Nd3 20. Rc2 Qf7 21. Nb3 b5 22.
cxb5 axb5 23. Nc1 Ra3 24. Rc8+ Kd7 25. Rc2 Qxd5 26. Nb3 Rc8 27. Rxc8 Kxc8 28.
Rc1+ Kd7 29. Bb6 Ke6 30. Rc7 Qxb3 0-1

[Event "5th HD Bank Cup 2015"]
[Site "Ho Chi Minh City VIE"]
[Date "2015.03.20"]
[Round "6.15"]
[White "Bitoon, Richard"]
[Black "Tin, Jingyao"]
[Result "1/2-1/2"]
[WhiteTitle "GM"]
[BlackTitle "FM"]
[WhiteElo "2422"]
[BlackElo "2326"]
[WhiteFideId "5201110"]
[BlackFideId "5804418"]
[EventDate "2015.03.17"]

1. d4 Nf6 2. Nf3 e6 3. Bf4 c5 4. e3 Be7 5. Nbd2 Nc6 6. c3 O-O 7. h3 d6 8. Be2
Re8 9. O-O Bf8 10. dxc5 dxc5 11. Nc4 Nd5 12. Bg3 Qf6 13. a4 Qh6 14. a5 Bd7 15.
Qb3 b6 16. Nfe5 Nxe5 17. Nxe5 Red8 18. Nxd7 Rxd7 19. Bb5 Rdd8 20. Rfd1 Qg5 21.
Bc6 Rac8 22. Bxd5 exd5 23. axb6 c4 24. Qb5 axb6 25. Rd4 Qh5 26. Bh4 Rd6 27. Rad1
h6 28. R1d2 Rc5 29. Qe8 Re6 30. Qd8 Rd6 31. Qb8 Re6 32. Bg3 Qf5 33. Kh2 Rec6 34.
Qe5 Qxe5 35. Bxe5 Bd6 36. Bxd6 Rxd6 37. e4 Kf8 38. exd5 Ke7 39. f4 Rf6 40. g4
Kd6 41. Kg3 h5 42. gxh5 Rh6 43. Kg4 b5 44. h4 Rh8 45. Re2 Ra8 46. h6 gxh6 47.
Kh5 Rg8 48. Kxh6 Rcc8 49. f5 Rg3 50. Kh7 Rf3 51. h5 Rxf5 52. h6 Rg5 53. Rf2 f5
54. Re2 Rc7+ 1/2-1/2

[Event "5th HD Bank Cup 2015"]
[Site "Ho Chi Minh City VIE"]
[Date "2015.03.20"]
[Round "6.16"]
[White "Nolte, Rolando"]
[Black "Nguyen, Tan Thinh"]
[Result "1-0"]
[WhiteTitle "IM"]
[WhiteElo "2394"]
[BlackElo "1990"]
[WhiteFideId "5200636"]
[BlackFideId "12403458"]
[EventDate "2015.03.17"]

1. e4 c5 2. Nf3 d6 3. d4 cxd4 4. Nxd4 Nf6 5. Nc3 a6 6. Be3 e6 7. f3 Be7 8. Qd2
Qc7 9. O-O-O b5 10. g4 Nc6 11. Nxc6 Qxc6 12. Kb1 Bb7 13. Ne2 Qc7 14. Nd4 Nd7 15.
h4 Rc8 16. Bd3 Nc5 17. Be2 Na4 18. g5 d5 19. e5 Bc5 20. f4 Qe7 21. Qe1 Bb4 22.
Bd2 Bc5 23. Bc1 Qc7 24. c3 Qb6 25. Nb3 b4 26. Nxc5 Qxc5 27. cxb4 Qc2+ 28. Ka1 d4
29. Bd3 Qg2 30. Bd2 Qf3 31. Qf1 Qxh1 32. Qxh1 Bxh1 33. Rxh1 O-O 34. Kb1 a5 35.
Bb5 Nb6 36. bxa5 Rc5 37. a4 Nd5 38. Rc1 Rxc1+ 39. Kxc1 Rc8+ 40. Kd1 Kf8 41. a6
f6 42. Ke2 Ke7 43. Kd3 fxe5 44. fxe5 Nc7 45. Bb4+ Kd8 46. Ba5 Ra8 47. Kxd4 Kc8
48. Kc5 Nxa6+ 49. Kd6 Nc5 50. Kxc5 Rxa5 51. Kd6 Ra7 52. Kxe6 Rc7 53. Kd6 1-0

[Event "5th HD Bank Cup 2015"]
[Site "Ho Chi Minh City VIE"]
[Date "2015.03.20"]
[Round "6.17"]
[White "Liu, Xiangyi"]
[Black "Nguyen, Dang Hong Phuc"]
[Result "1/2-1/2"]
[WhiteTitle "FM"]
[WhiteElo "2380"]
[BlackElo "2047"]
[WhiteFideId "8605718"]
[BlackFideId "12402761"]
[EventDate "2015.03.17"]

1. e4 e6 2. d4 d5 3. Nd2 dxe4 4. Nxe4 Bd7 5. Nf3 Bc6 6. Bd3 Nd7 7. O-O Ngf6 8.
Ng3 Be7 9. Re1 Bxf3 10. Qxf3 c6 11. c3 O-O 12. Bf4 Re8 13. Rad1 Nf8 14. Qe2 Qb6
15. Ne4 Ng6 16. Bc1 Nxe4 17. Bxe4 Qc7 18. g3 Rad8 19. h4 Nf8 20. Qf3 Rd7 21. h5
h6 22. Bc2 Red8 23. Re4 c5 24. dxc5 Qxc5 25. Be3 Rxd1+ 26. Bxd1 Qb5 27. b4 Nh7
28. Be2 Qa4 29. Rc4 Qxa2 30. Rc7 Bf6 31. Bc4 Qa1+ 32. Kg2 Qxc3 33. Qxb7 Be5 34.
Rc8 Rxc8 35. Qxc8+ Nf8 36. Bc5 Qxc4 37. Qxf8+ Kh7 38. Qxf7 a5 39. Qg6+ Kg8 1/2-1/2

[Event "5th HD Bank Cup 2015"]
[Site "Ho Chi Minh City VIE"]
[Date "2015.03.20"]
[Round "6.18"]
[White "Rakhmanov, Aleksandr"]
[Black "Nguyen, Anh Khoi"]
[Result "1/2-1/2"]
[WhiteTitle "GM"]
[BlackTitle "FM"]
[WhiteElo "2639"]
[BlackElo "2239"]
[WhiteFideId "4173708"]
[BlackFideId "12404675"]
[EventDate "2015.03.17"]

1. Nf3 Nf6 2. g3 g6 3. b3 Bg7 4. Bb2 O-O 5. Bg2 d5 6. c4 Nc6 7. d4 a5 8. a3 a4
9. cxd5 Na5 10. Nbd2 axb3 11. Rc1 Qxd5 12. O-O Qb5 13. e4 c6 14. Re1 Rd8 15. Bf1
Qb6 16. Nc4 Nxc4 17. Bxc4 Bg4 18. h3 Bxf3 19. Qxf3 Ra5 20. Rcd1 Rc8 21. Re3 e6
22. Rxb3 Qa7 23. Qf4 Ne8 24. Rf3 b5 25. Bb3 Qc7 26. Qd2 Ra7 27. Rc1 Qd8 28. Rd1
Rd7 29. Qe2 c5 30. Qxb5 cxd4 31. Ba4 Ra7 32. Qxe8+ Qxe8 33. Bxe8 Rxe8 34. Rb3 e5
35. Rc1 Bf8 36. Kf1 Rea8 37. Ra1 Bd6 38. Ke2 Kf8 39. f4 f6 1/2-1/2

[Event "5th HD Bank Cup 2015"]
[Site "Ho Chi Minh City VIE"]
[Date "2015.03.20"]
[Round "6.19"]
[White "Sadorra, Julio Catalino"]
[Black "Vo, Thi Kim Phung"]
[Result "1-0"]
[WhiteTitle "GM"]
[BlackTitle "WIM"]
[WhiteElo "2548"]
[BlackElo "2197"]
[WhiteFideId "5201268"]
[BlackFideId "12401838"]
[EventDate "2015.03.17"]

1. d4 d5 2. c4 c6 3. Nc3 Nf6 4. Nf3 e6 5. cxd5 exd5 6. Qc2 Be7 7. Bg5 O-O 8. e3
h6 9. Bf4 Be6 10. Be2 Nbd7 11. h3 Bb4 12. O-O a5 13. Rfd1 Re8 14. Bd3 Nf8 15.
Qb3 Bc8 16. Na4 Ne6 17. Bh2 Bd6 18. Bxd6 Qxd6 19. Rac1 Nf8 20. Nc5 Re7 21. Ne5
Ne6 22. Na4 Rc7 23. Bb1 Ng5 24. Qc2 Ne6 25. f3 Ra7 26. Nc3 b6 27. Ne2 Ba6 28.
Ng3 g6 29. f4 Nf8 30. Qb3 c5 31. dxc5 bxc5 32. Ne4 Nxe4 33. Bxe4 d4 34. exd4
cxd4 35. Rxc7 Rxc7 36. Bd5 Ne6 37. Bxe6 Qxe6 38. Qxe6 fxe6 39. Rxd4 Rc1+ 40. Kh2
Rc2 41. Rd6 Bf1 42. Kg1 Bxg2 43. Rxe6 Bxh3 44. Rxg6+ Kh7 45. Rb6 a4 46. Rb4 a3
47. bxa3 Rg2+ 48. Kh1 Rxa2 49. Rb7+ Kg8 50. Ra7 Bf5 51. Kg1 h5 52. Nf3 Bg4 53.
Nh4 Rc2 54. a4 Rc4 55. Ng6 Bd1 56. a5 Bc2 57. f5 Rg4+ 58. Kh2 Rg5 59. a6 Be4 60.
Re7 Rg2+ 61. Kh3 Re2 62. f6 Bg2+ 63. Kg3 h4+ 64. Nxh4 Ra2 65. Rg7+ 1-0

[Event "5th HD Bank Cup 2015"]
[Site "Ho Chi Minh City VIE"]
[Date "2015.03.20"]
[Round "6.20"]
[White "Nguyen, Thi Mai Hung"]
[Black "Tu, Hoang Thong"]
[Result "0-1"]
[WhiteTitle "WGM"]
[BlackTitle "GM"]
[WhiteElo "2248"]
[BlackElo "2414"]
[WhiteFideId "12401676"]
[BlackFideId "12400076"]
[EventDate "2015.03.17"]

1. d4 c5 2. d5 f5 3. c4 Nf6 4. Nc3 g6 5. Nf3 d6 6. Qc2 Bg7 7. Bf4 O-O 8. e3 Qa5
9. Nd2 a6 10. Be2 Bd7 11. O-O b5 12. a3 Qb6 13. b4 Rc8 14. Rab1 cxb4 15. Rxb4 a5
16. Rbb1 b4 17. Qa2 Na6 18. Rfc1 Rab8 19. Nd1 Nc5 20. Nb3 Nxb3 21. Qxb3 Ne4 22.
axb4 Nd2 23. Qc2 Nxb1 24. Rxb1 axb4 25. Bd3 b3 26. Qe2 Ra8 27. h4 Ra1 28. Rxa1
Bxa1 29. e4 Bf6 30. e5 dxe5 31. Bxe5 Bxh4 32. Qb2 Ra8 33. Bd4 Qb4 34. Bc3 Qa3
35. Qd2 Bf6 36. Bxf6 exf6 37. Kh2 Qd6+ 38. g3 Qe5 39. Nc3 f4 40. gxf4 Qh5+ 41.
Kg1 Ra1+ 42. Nb1 Qf3 43. Qe3 Qd1+ 44. Kh2 Rxb1 45. Bxb1 Qxb1 46. c5 Qd1 47. c6
Qh5+ 48. Kg1 b2 49. Qb6 Qg4+ 50. Kh2 Qxf4+ 51. Kg1 Bh3 0-1

[Event "5th HD Bank Cup 2015"]
[Site "Ho Chi Minh City VIE"]
[Date "2015.03.20"]
[Round "6.21"]
[White "Bao, Khoa"]
[Black "Le, Tuan Minh"]
[Result "1/2-1/2"]
[WhiteTitle "IM"]
[BlackTitle "FM"]
[WhiteElo "2237"]
[BlackElo "2393"]
[WhiteFideId "12401501"]
[BlackFideId "12401153"]
[EventDate "2015.03.17"]

1. d4 Nf6 2. c4 c6 3. Nf3 d5 4. Nc3 a6 5. e3 b5 6. c5 Bg4 7. a3 Nbd7 8. Be2 g6
9. h3 Bxf3 10. gxf3 e5 11. dxe5 Nxe5 12. f4 Ned7 13. b4 Bg7 14. Bb2 O-O 15. Bf3
Re8 16. Ne2 Nf8 17. Qc2 Qd7 18. Kf1 a5 19. Kg2 Ne6 20. h4 Qe7 21. h5 Nd7 22. Ng3
Bxb2 23. Qxb2 Qf6 24. Qxf6 Nxf6 25. f5 gxf5 26. Nxf5 Kh8 27. Nh6 Ra7 28. a4 Rb8
29. axb5 Rxb5 30. Rhb1 a4 31. Bd1 a3 32. Rb3 Ne4 33. f3 Nd2 34. Rbxa3 Rxa3 35.
Rxa3 Nc4 36. Rb3 Kg7 1/2-1/2

[Event "5th HD Bank Cup 2015"]
[Site "Ho Chi Minh City VIE"]
[Date "2015.03.20"]
[Round "6.22"]
[White "Harini, S."]
[Black "Vo, Thanh Ninh"]
[Result "0-1"]
[WhiteElo "2125"]
[BlackElo "2311"]
[WhiteFideId "5024919"]
[BlackFideId "12402141"]
[EventDate "2015.03.17"]

1. e4 c5 2. Nf3 Nc6 3. d4 cxd4 4. Nxd4 g6 5. c4 Bg7 6. Be3 Nf6 7. Nc3 d6 8. Be2
Bd7 9. O-O O-O 10. Qd2 Nxd4 11. Bxd4 Bc6 12. f3 a5 13. Rad1 Nd7 14. Bxg7 Kxg7
15. f4 Qb6+ 16. Kh1 Qc5 17. Nd5 Bxd5 18. exd5 Nf6 19. Bd3 Rae8 20. Rde1 e6 21.
dxe6 Rxe6 22. Rxe6 fxe6 23. Qe2 e5 24. fxe5 dxe5 25. Re1 e4 26. Bc2 Rd8 27. g3
Rc8 28. b3 b5 29. Qe3 bxc4 30. Qxc5 Rxc5 31. bxc4 Rxc4 32. Re2 g5 33. Kg2 Kg6
34. h3 h5 35. Rf2 a4 36. Bb1 Nd5 37. Rd2 Nc3 38. Bc2 Kf5 39. Kf2 Ke5 40. a3 Nd5
41. Ke2 h4 42. gxh4 gxh4 43. Ke1 Nf4 44. Rh2 e3 45. Bd1 Rc1 46. Rc2 Ra1 0-1

[Event "5th HD Bank Cup 2015"]
[Site "Ho Chi Minh City VIE"]
[Date "2015.03.20"]
[Round "6.23"]
[White "Li, Xueyi"]
[Black "Hoang, Thi Bao Tram"]
[Result "1-0"]
[BlackTitle "WGM"]
[WhiteElo "2190"]
[BlackElo "2303"]
[WhiteFideId "8605912"]
[BlackFideId "12401102"]
[EventDate "2015.03.17"]

1. d4 d5 2. c4 c6 3. cxd5 cxd5 4. Bf4 e6 5. e3 Nc6 6. Nc3 Bd6 7. Bxd6 Qxd6 8.
Bd3 Nf6 9. f4 a6 10. Nf3 Ng4 11. Qe2 f5 12. Ne5 Ngxe5 13. fxe5 Qe7 14. O-O O-O
15. Kh1 Bd7 16. g4 f4 17. Rxf4 Rxf4 18. exf4 Nxd4 19. Qe3 Nc6 20. Ne2 Rf8 21.
Rf1 g6 22. a3 Rf7 23. Ng1 d4 24. Qg3 Qc5 25. Nf3 Ne7 26. Ng5 Rg7 27. Kg1 Nd5 28.
Ne4 Qb6 29. g5 Kh8 30. Qf2 Bc6 31. Nf6 Ne3 32. Rc1 Rc7 33. Qd2 Bd5 34. h4 Bc4
35. Qb4 Qxb4 36. axb4 Rc6 37. Bxc4 Rxc4 38. Rxc4 Nxc4 39. b3 Ne3 40. Kf2 Nc2 41.
Nd7 Kg7 42. Nc5 Kf7 43. Nxb7 Nxb4 44. Nc5 Ke7 45. Kf3 d3 46. Ke3 Nd5+ 47. Kxd3
Nxf4+ 48. Ke4 Ng2 49. Nxa6 Nxh4 50. Nc5 Nf5 51. b4 Ng3+ 52. Kd3 Nh5 53. b5 Nf4+
54. Kc4 Nd5 55. Ne4 Kd8 56. Nf6 Nf4 57. Nxh7 Kc7 58. Kc5 Nd3+ 59. Kd4 Nf4 60.
Ke4 Ne2 61. Nf8 Nc3+ 62. Kf4 Nd5+ 63. Kf3 Kb6 64. Nxg6 Kxb5 65. Nf4 Ne7 66. g6
Kc6 67. Kg4 Kd7 68. Kg5 Ng8 69. g7 Kc6 70. Kg6 Kc5 71. Kf7 Nh6+ 72. Kxe6 1-0

[Event "5th HD Bank Cup 2015"]
[Site "Ho Chi Minh City VIE"]
[Date "2015.03.20"]
[Round "6.24"]
[White "Nguyen, Sy Hung"]
[Black "Nay Oo Kyaw Tun"]
[Result "0-1"]
[BlackTitle "IM"]
[WhiteElo "2113"]
[BlackElo "2292"]
[WhiteFideId "12401374"]
[BlackFideId "13000110"]
[EventDate "2015.03.17"]

1. d4 d5 2. Nf3 Nf6 3. c4 c6 4. Qc2 dxc4 5. Qxc4 Bf5 6. Nc3 e6 7. Bg5 Be7 8. e3
Nbd7 9. Be2 h6 10. Bh4 O-O 11. O-O Re8 12. Rfd1 Rc8 13. Qb3 Qb6 14. Qxb6 axb6
15. h3 b5 16. a3 Ra8 17. Bg3 Nd5 18. Nxd5 exd5 19. Bc7 Rec8 20. Bg3 Nb6 21. Ne5
Na4 22. Bd3 Bxd3 23. Nxd3 Nb6 24. Rac1 Nc4 25. Rc2 f5 26. Re1 Re8 27. Be5 Kf7
28. g3 Bf6 29. f4 Re7 30. Kf2 Rg8 31. Kf3 g6 32. Rg2 h5 33. Reg1 Rh8 34. Re2
Ree8 35. Reg2 Rh7 36. Re2 g5 37. g4 hxg4+ 38. hxg4 Rh3+ 39. Rg3 fxg4+ 40. Kxg4
Rxg3+ 41. Kxg3 Rg8 42. Bxf6 Kxf6 43. Kg4 gxf4+ 44. Kxf4 Rh8 45. Kg4 Rh1 46. Rf2+
Ke7 47. Kf4 Rh4+ 48. Kg5 Rh3 49. Nf4 Rg3+ 50. Kh5 Rxe3 51. Ng6+ Kd8 52. Kg5 Re4
53. Nf4 Kc8 54. Kf6 Rxd4 55. Ke7 Rd2 56. Rf1 Rxb2 57. Ne6 Kb8 58. Rf8+ Ka7 59.
Kd7 Rh2 60. Nd4 Kb6 61. Rf4 Rh7+ 62. Kc8 Nxa3 0-1